Ini bahan bukan cetak

Bibliographic Details
Main Author: Soraya Nita
Format: Book
Published: Kuala Lumpur : E1 Publication Sdn. Bhd. , 2018
Series:Siri program NILAM tambah baik
Subjects:

MARC

LEADER 00000cam a2200000 7i4500
001 0000083206
005 20220105104310.0
008 190320
020 |a 9789670787428 (SET) 
020 |a 9789670787459 
041 0 |a Malay 
090 0 0 |a JP   |b EDU MAL 
100 0 |a Soraya Nita 
245 0 0 |a Ini bahan bukan cetak   |c Soraya Nita 
260 |a Kuala Lumpur :   |b E1 Publication Sdn. Bhd. ,   |c 2018 
300 |a 24p. :   |b col.ill. ;   |c 25.9cm. 
490 0 |a Siri program NILAM tambah baik 
500 |a Children age 4-6 years old (yellow) 
541 0 0 |c Purchased on 2018   |f 0137/18 SEJ   |h RM20.25 
650 0 |a Children's stories, Malay 
650 0 |a Education, Malay 
650 0 |a Malay language   |x Readers 
999 |a 0001564627   |b Book   |c Children Collection   |e Cawangan Taman Universiti 
999 |a 0001564630   |b Book   |c Children Collection   |e Cawangan Batu Pahat 
999 |a 0001564631   |b Book   |c Children Collection   |e Cawangan Tangkak 
999 |a 0001564632   |b Book   |c Children Collection   |e Cawangan Kota Tinggi 
999 |a 0001564633   |b Book   |c Children Collection   |e Cawangan Muar 
999 |a 0001564634   |b Book   |c Children Collection   |e Cawangan Pontian 
999 |a 0001564635   |b Book   |c Children Collection   |e Cawangan Bukit Gambir 
999 |a 0001564636   |b Book   |c Children Collection   |e Cawangan Taman Sri Lambak 
999 |a 0001564637   |b Book   |c Children Collection   |e Cawangan Bandar Penawar 
999 |a 0001564638   |b Book   |c Children Collection   |e Cawangan Tmn. Ungku Tun Aminah 
999 |a 0001564639   |b Book   |c Children Collection   |e Cawangan Segamat 
999 |a 0001564640   |b Book   |c Children Collection   |e Cawangan Mersing 
999 |a 0001565307   |b Book   |c Children Collection   |e Perbadanan Perpustakaan Awam Johor 
999 |a 0001565308   |b Book   |c Children Collection   |e Cawangan Urban Transformation Centre 
999 |a 0001565309   |b Book   |c Children Collection   |e Cawangan AEON Kulaijaya